000 00421nam a2200181Ia 4500
001 10723
005 20260306161853.0
008 260306t1949||||xx |||||||||||||| ||spa||
041 _aESP
082 _a946.1
_bE87
100 _aEspinosa Rodríguez, José
_eAUT
245 0 _aTierra de fragoso
260 _c1949
300 _a501 páginas :
_c24 cm.
650 _aGEN
654 _aCHU
942 _cLIB
_dJUS
_fJUS
_2ddc
_n
999 _c10723
_d10723